[Event "Titled Tuesday intern op 14th Dec"]
[Site "Chess.com INT"]
[Date "2021.12.14"]
[Round "7"]
[White "Punin, Andrii"]
[Black "Bluebaum, Matthias"]
[Result "0-1"]
[WhiteElo "2289"]
[BlackElo "2642"]
[PlyCount "76"]
[EventDate "2021.12.14"]
[EventType "swiss (blitz)"]
[EventRounds "11"]
[EventCountry "USA"]
[SourceTitle "EXT 2023"]
[Source "ChessBase"]
[SourceDate "2022.10.05"]
[SourceVersion "1"]
[SourceVersionDate "2022.10.05"]
[SourceQuality "1"]

1. e4 e6 2. d4 d5 3. Nc3 Nf6 4. e5 Nfd7 5. f4 c5 6. Nf3 Nc6 7. Be3 a6 8. Qd2 b5 9. dxc5 Bxc5 10. Bd3 Qb6 11. Bf2 Bb7 12. 0-0 h6 13. Kh1 Bxf2 14. Qxf2 Qxf2 15. Rxf2 g5 16. g3 Ke7 17. Ne2 d4 18. Kg1 Nc5 19. a3 g4 20. Ne1 Rhd8 21. b4 Na4 22. Nc1 Nc3 23. Nb3 a5 24. Nc5 Rdb8 25. bxa5 Rxa5 26. Nxb7 Rxb7 27. Ng2 b4 28. a4 Rba7 29. f5 Nxe5 30. fxe6 fxe6 31. Nh4 Rxa4 32. Rxa4 Rxa4 33. Bh7 Ra1+ 34. Kg2 Nc4 35. h3 Ne3+ 36. Kh2 gxh3 37. Ng6+ Kd6 38. Nf4 Ng4+ 0-1

[Event "Titled Tuesday intern op 14th Dec"]
[Site "Chess.com INT"]
[Date "2021.12.14"]
[Round "11"]
[White "Punin, Andrii"]
[Black "Kanyamarala, Tarun"]
[Result "1/2-1/2"]
[WhiteElo "2289"]
[BlackElo "2377"]
[PlyCount "123"]
[EventDate "2021.12.14"]
[EventType "swiss (blitz)"]
[EventRounds "11"]
[EventCountry "USA"]
[SourceTitle "EXT 2023"]
[Source "ChessBase"]
[SourceDate "2022.10.05"]
[SourceVersion "1"]
[SourceVersionDate "2022.10.05"]
[SourceQuality "1"]

1. e4 c5 2. Be2 Nc6 3. f4 g6 4. Nf3 Bg7 5. c3 e6 6. 0-0 d5 7. d3 Nge7 8. Na3 0-0 9. Kh1 a6 10. e5 f6 11. d4 b6 12. Be3 c4 13. exf6 Bxf6 14. Ne5 Bb7 15. Nc2 Nf5 16. Bf2 Nd6 17. Bf3 Bg7 18. Bg3 Ne7 19. Ne3 b5 20. Qe1 Ne4 21. Bh4 Rxf4 22. Bxe7 Qxe7 23. g3 Rff8 24. Bg2 Qg5 25. Nf3 Qe7 26. Kg1 a5 27. Nd2 Nxd2 28. Qxd2 b4 29. Rxf8+ Rxf8 30. Rf1 Rxf1+ 31. Bxf1 Qg5 32. Qf2 Bh6 33. Ng2 Qf5 34. Qe1 Bg7 35. Nh4 Qf6 36. a3 bxa3 37. bxa3 e5 38. Qb1 Qc6 39. Nf3 exd4 40. Nxd4 Bxd4+ 41. cxd4 Bc8 42. Be2 Be6 43. Bd1 Bf5 44. Qb8+ Qc8 45. Qe5 Qe6 46. Qb8+ Kg7 47. Qc7+ Kh6 48. Qf4+ Kg7 49. Qc7+ Kf6 50. Qd8+ Kf7 51. Qc7+ Qe7 52. Qxa5 Qe3+ 53. Kg2 Be4+ 54. Kf1 Qd3+ 55. Be2 Qxd4 56. Qc7+ Kg8 57. Qd8+ Kg7 58. Qe7+ Kg8 59. Qe8+ Kg7 60. Qe7+ Kh6 61. Qh4+ Kg7 62. Qe7+ 1/2-1/2

[Event "Titled Tuesday intern op 14th Dec"]
[Site "Chess.com INT"]
[Date "2021.12.14"]
[Round "6"]
[White "Punin, Andrii"]
[Black "Sliwicki, Damian"]
[Result "1-0"]
[WhiteElo "2289"]
[BlackElo "2168"]
[PlyCount "103"]
[EventDate "2021.12.14"]
[EventType "swiss (blitz)"]
[EventRounds "11"]
[EventCountry "USA"]
[SourceTitle "EXT 2023"]
[Source "ChessBase"]
[SourceDate "2022.10.05"]
[SourceVersion "1"]
[SourceVersionDate "2022.10.05"]
[SourceQuality "1"]

1. e4 c5 2. Be2 g6 3. f4 Bg7 4. Nf3 Nc6 5. c3 d5 6. d3 Nf6 7. e5 Ng4 8. 0-0 0-0 9. Na3 Rb8 10. Nc2 h5 11. Ne3 Nh6 12. d4 c4 13. Nh4 e6 14. Nf3 b5 15. a3 a5 16. Ng5 b4 17. axb4 axb4 18. h3 b3 19. g4 hxg4 20. hxg4 f6 21. exf6 Bxf6 22. Nf3 Nf7 23. Kg2 g5 24. f5 e5 25. dxe5 Ncxe5 26. Nd4 Kg7 27. Rh1 Rh8 28. Ne6+ Bxe6 29. fxe6 Rxh1 30. Qxh1 Nh6 31. Ra7+ Be7 32. Nf5+ Nxf5 33. gxf5 Ra8 34. Rb7 Rb8 35. Rxb8 Qxb8 36. Be3 Bf6 37. Bd4 Qa8 38. Qh5 Qb8 39. Bg4 Qd6 40. Bxe5 Qxe5 41. Qg6+ Kh8 42. Qe8+ Kg7 43. Qf7+ Kh8 44. Bf3 Bg7 45. e7 g4 46. e8Q+ Qxe8 47. Qxe8+ Kh7 48. Qg6+ Kg8 49. f6 gxf3+ 50. Kxf3 Kf8 51. Qxg7+ Ke8 52. Qe7# 1-0

[Event "Titled Tuesday intern op 14th Dec"]
[Site "Chess.com INT"]
[Date "2021.12.14"]
[Round "4"]
[White "Rosenberg, Evan"]
[Black "Punin, Andrii"]
[Result "0-1"]
[WhiteElo "2099"]
[BlackElo "2289"]
[PlyCount "98"]
[EventDate "2021.12.14"]
[EventType "swiss (blitz)"]
[EventRounds "11"]
[EventCountry "USA"]
[SourceTitle "EXT 2023"]
[Source "ChessBase"]
[SourceDate "2022.10.05"]
[SourceVersion "1"]
[SourceVersionDate "2022.10.05"]
[SourceQuality "1"]

1. Nf3 d5 2. d4 Nf6 3. c4 e6 4. g3 dxc4 5. Bg2 c6 6. 0-0 b5 7. b3 cxb3 8. Qxb3 Bb7 9. Ne5 Be7 10. a4 a6 11. axb5 axb5 12. Rxa8 Bxa8 13. e3 0-0 14. Nc3 Nfd7 15. Nd3 Na6 16. Bb2 Nc7 17. Ra1 Nd5 18. Nxd5 exd5 19. e4 dxe4 20. Bxe4 Nf6 21. Bg2 Bb7 22. Nc5 Bxc5 23. dxc5 Nd5 24. Ra7 Qb8 25. Qa2 Rd8 26. h3 h5 27. Qa1 f6 28. Ra3 h4 29. gxh4 Qf4 30. Rg3 Kh8 31. Bxd5 Rxd5 32. Qa7 Rd1+ 33. Kg2 Qe4+ 34. Rf3 Rd3 35. Qb8+ Kh7 36. Qf4 Qd5 37. Kg3 Rxf3+ 38. Qxf3 Qxf3+ 39. Kxf3 Bc8 40. Kg3 Kg6 41. f4 Bf5 42. Bc3 Kf7 43. h5 Ke6 44. h4 Kd5 45. h6 gxh6 46. Bxf6 h5 47. Be7 b4 48. Kf3 Kc4 49. Ke3 b3 0-1